000 00298 a2200097 4500
005 20260216153721.0
100 _aPulkit Chadha
245 _aData Engineering with Databricks Cookbook: Build effective data and AI solutions using Apache Spark, Databricks, and Delta Lake
260 _c2024
942 _cBOOK
999 _c7819
_d7819